000
00343 a2200157 4500
001
156784
020
_a
9788535922837
040
_c
Escola São Tomás de Aquino
100
_a
ANDRADE, Carlos Drummond de
240
1
0
_a
Alguma poesia
_l
por
245
1
0
_a
Alguma poesia
300
_a
110
362
0
_a
2013
697
_a
Poesia
942
_c
BK
999
_c
156784
_d
156784